Making every kilometre count: prioritizing road infrastructure spending (Record no. 82334)
[ view plain ]
| 000 -LEADER | |
|---|---|
| fixed length control field | 01141nam a2200193 a 4500 |
| 008 - FIXED-LENGTH DATA ELEMENTS--GENERAL INFORMATION | |
| fixed length control field | 150917s2014 ||||||||||||||||| || u |
| 050 ## - LIBRARY OF CONGRESS CALL NUMBER | |
| Classification number | ZIPAR(05)PB/2014/14A |
| 110 ## - MAIN ENTRY--CORPORATE NAME | |
| Corporate name or jurisdiction name as entry element | Zambia Institute for Policy Analysis & Research (ZIPAR) |
| 245 10 - TITLE STATEMENT | |
| Title | Making every kilometre count: prioritizing road infrastructure spending |
| Statement of responsibility, etc. | by Zambia Institute for Policy Analysis & Research (ZIPAR) |
| 260 ## - PUBLICATION, DISTRIBUTION, ETC. | |
| Place of publication, distribution, etc. | Lusaka: |
| Name of publisher, distributor, etc. | Zambia Institute for Policy Analysis and Research (ZIPAR) |
| Date of publication, distribution, etc. | 2014 |
| 300 ## - PHYSICAL DESCRIPTION | |
| Extent | [4p.]: ill. |
| 500 ## - GENERAL NOTE | |
| General note | Based on the report optimization study for core road network planning to link Zambia by ROM Transportation Engineering, January 2014 |
| 650 ## - SUBJECT ADDED ENTRY--TOPICAL TERM | |
| Topical term or geographic name entry element | INFRASTRUCTURE DEVELOPMENT--ZAMBIA--PERIODICALS |
| 650 ## - SUBJECT ADDED ENTRY--TOPICAL TERM | |
| Topical term or geographic name entry element | POLICY ANALYSIS--ZAMBIA |
| 650 ## - SUBJECT ADDED ENTRY--TOPICAL TERM | |
| Topical term or geographic name entry element | TRANSPORT PROJECTS--ZAMBIA |
| 650 ## - SUBJECT ADDED ENTRY--TOPICAL TERM | |
| Topical term or geographic name entry element | POLICY AND PLANNING--RESEARCH--INFRASTRUCTURE PROJECTS |
| 995 ## - | |
| -- | SPECIAL COLLECTIONS |
| -- | 2048 |
| -- | CBU-MAIN LIBRARY (Kitwe) |
| -- | ZIPAR(05)PB/2014/14A |
| -- | 1 |
| -- | AVAILABLE |
| -- | Sep 17, 2015 |
| -- | B2048 |
| -- | Zambiana Collection |
| 995 ## - | |
| -- | SPECIAL COLLECTIONS |
| -- | 2049 |
| -- | CBU-MAIN LIBRARY (Kitwe) |
| -- | ZIPAR(05)PB/2014/14B |
| -- | 2 |
| -- | AVAILABLE |
| -- | Sep 17, 2015 |
| -- | B2049 |
| -- | Zambiana Collection |
| 999 ## - | |
| -- | 82334 |
| -- | 82334 |
| Withdrawn status | Lost status | Source of classification or shelving scheme | Damaged status | Not for loan | Permanent Location | Current Location | Shelving location | Date acquired | Total Checkouts | Full call number | Barcode | Date last seen | Copy number | Price effective from | Koha item type |
|---|---|---|---|---|---|---|---|---|---|---|---|---|---|---|---|
| CBU-MAIN LIBRARY, KITWE. | CBU-MAIN LIBRARY, KITWE. | 09/27/2023 | ZIPAR(05)PB/2014/14A | B2048 | 09/27/2023 | 1 | 09/27/2023 | SPECIAL COLLECTION | |||||||
| CBU-MAIN LIBRARY, KITWE. | CBU-MAIN LIBRARY, KITWE. | 09/27/2023 | ZIPAR(05)PB/2014/14B | B2049 | 09/27/2023 | 2 | 09/27/2023 | SPECIAL COLLECTION |